Planning for power (Record no. 118456)
[ view plain ]
| 000 -LEADER | |
|---|---|
| fixed length control field | 01204cam a2200217 4500 |
| 001 - CONTROL NUMBER | |
| control field | WB@3612-633 |
| 008 - FIXED-LENGTH DATA ELEMENTS--GENERAL INFORMATION | |
| fixed length control field | 041216n2004 000 0 eng u |
| 035 ## - SYSTEM CONTROL NUMBER | |
| System control number | (Sirsi) u128334 |
| 245 ## - TITLE STATEMENT | |
| Title | Planning for power |
| 260 ## - PUBLICATION, DISTRIBUTION, ETC. | |
| Date of publication, distribution, etc. | 2004 |
| 490 ## - SERIES STATEMENT | |
| Series statement | ODPM News Release |
| Volume/sequential designation | (2004/0316) 16 December 2004 (2) |
| 520 ## - SUMMARY, ETC. | |
| Summary, etc. | ODPM has issued "Planning for renewable energy", a comprehensive guide to accompany "Planning policy statement: PPS22". The practical guide advises planners how to implement PPS22 in their local communities. It explains what makes a good renewableenergy application, how to assess the impact of plans on the landscape and how to give the community greater involvement. It provides advice on the broad range of renewable energy technologies, including biomass, hydro, solar and wind. The guide is available from: http://www.odpm.gov.uk/stellent/groups/odpm_contro l/documents/contentservertemplate/odpm_index.hcst? n=5681&l=3. http://www.odpm.gov.uk/pns/displaypn.cgi?pn_id=200 4_0316 |
| 590 ## - LOCAL NOTE (RLIN) | |
| Local note | WB |
| 590 ## - LOCAL NOTE (RLIN) | |
| Local note | WB |
| 650 ## - SUBJECT ADDED ENTRY--TOPICAL TERM | |
| Topical term or geographic name entry element | PPS22 |
| 650 ## - SUBJECT ADDED ENTRY--TOPICAL TERM | |
| Topical term or geographic name entry element | RENEWABLE ENERGY SOURCES |
| 650 ## - SUBJECT ADDED ENTRY--TOPICAL TERM | |
| Topical term or geographic name entry element | PLANNING GUIDANCE |
| 650 ## - SUBJECT ADDED ENTRY--TOPICAL TERM | |
| Topical term or geographic name entry element | ENERGY WHITE PAPER |
| 690 ## - LOCAL SUBJECT ADDED ENTRY--TOPICAL TERM (OCLC, RLIN) | |
| Topical term or geographic name as entry element | PLANNING |
| 942 ## - ADDED ENTRY ELEMENTS (KOHA) | |
| Suppress in OPAC | 0 |
| Withdrawn status | Lost status | Source of classification or shelving scheme | Damaged status | Not for loan | Home library | Current library | Shelving location | Date acquired | Total Checkouts | Full call number | Barcode | Date last seen | Copy number | Price effective from | Koha item type |
|---|---|---|---|---|---|---|---|---|---|---|---|---|---|---|---|
| Other/Generic Classification Scheme | London | London | RICS Boxes | 16/12/2004 | WB@3612-633 | 128334-1001 | 06/08/2019 | 1 | 06/08/2019 | Book |